000 00684nam a2200217Ia 4500
005 20250701164458.0
008 008 250505s9999 xx 000 0 eng d
020 _a0873323432; 9780873323437
037 _aTextual
040 _aEASL
_beng
_cEASL
041 _aeng
_2eng
084 _aO42,3N35:g, M6
_qEASL
100 _aWilson Michiko N.
_9674011
245 0 _aMarginal world of Oe Kenzaburo: A study in themes and techniques
260 _aUSA
_bArmonk M. E. Sharpe
_c1986
300 _a170p.
365 _aJapan
_b9.99
650 _aOe Kenzaburo - Criticism and interpretation; JEL
_9814999
942 _cTEXL
_hO42,3N35:g, M6
999 _c1433214
_d1433214